000 00473nam a2200181Ia 4500
008 090124s9999 xx 000 0 und d
082 _b111681
100 _aगांगल वसंत
245 _a छायाराणी
250 _a1
260 _c1966
300 _a93
600 _aगांगल वसंत
630 _a छायाराणी
700 _aगांगल वसंत
730 _a छायाराणी
942 _cBOOK
999 _c157772
_d157772